000 00555nam a22002057a 4500
003 BD-ChCU
005 20241127101500.0
008 241127b ii ||||| |||| 00| 0 eng d
020 _a9789352838363
040 _cBD-ChCU
082 _222
_a537.5
_bM498p
100 _aMehta,V.K.
_96032
245 _aPrinciples Of Electronics /
_cV.K.Mehta. And Rohit.Mehta.
250 _a12.R.ed.
260 _aNew Delhi:
_bS.Chand Pub.
_cC2020
300 _a1014
650 0 _aElectronics.
_96033
700 _aMehta,Rohit.
_eJt.Author.
_96035
942 _2ddc
_cBK
_n0
999 _c104741
_d104741